000 01552nam0a2200325 4500
001 RU\NLR\BIBL_A\022827810
005 20260607130630.0
010 _d1 р. 92 к.
_93000
021 _aRU
_b65-64706
035 _a(NLR Aleph) 022827810
090 _a13726784
_c13726784
100 _a20260604d1965 k y0rusy50 ca
101 0 _arus
102 _aRU
105 _aa z 000 y
181 0 _ai
_baxxe
182 0 _an
200 1 _aПроблемы органического синтеза
_e[сборник статей]
_fАкадемия наук СССР. Отделение общей и технической химии
_g[редакционная коллегия: ...С.Н. Данилов (глав. ред.) и др.]
203 _aТекст
_bвизуальный
_cнепосредственный
210 _aМосква
_aЛенинград
_c"Наука", [Ленинградское отделение]
_d1965
215 _a324 с.
_cчерт.
_d26
225 1 _aЖурнал общей химии
_fАкадемия наук СССР. Отделение общей и технической химии
606 1 _aОрганический синтез
_jСборники
_2nlr_sh1
_2nlr_sh2
_3RU\NLR\AUTH\6633817
686 1 _aГ220я43
702 1 _aДанилов
_bС. Н.
_gСтепан Николаевич
_4340
711 0 2 _aАН СССР
_bОтделение общей и технической химии
_3RU\NLR\AUTH\8814003
852 _aNLR
_j65-7/1718
942 _cBOOK
980 _aNB